000 00767nas a2200241 4500
001 BR8102200
003 BR-BrBNA
005 20231205084640.0
007 ta
008 230509b bl.|||p| |||| 00| 00por d
040 _aBR-BrBNA
_bpor
_cBiblioteca Nacional de Agricultura
041 _a(Pt)
072 _aK50
100 1 _aAnon.
245 1 _aA pre-prensagem na producao de chapas de madeira compensada [Industria florestal]
246 1 _a[The previous pressing in veneer production [Forest industry]]
650 _aIndustria florestal
650 _aMadeira
650 _aCompensado
773 0 _tRevista da Madeira (Brazil)
_xISSN 0034-7582
_g(Nov 1980), v. 29(347) p. 28-29
_wBR8102200
909 _a202311
_bLúcia
_c55
_dLúcia Elande
942 _2AGRIS
_n0
_cANA
999 _c106448
_d106448